Stati e Iniziali delle Capitali - Quiz n°8 - Statistics

Statistiche generali
  • Questo quiz è stato fatto 14 volte
  • Il punteggio medio è 6 su 10
Statistiche sulle risposte
Hint Risposta % Corretto
Germania B
92%
Liechtenstein V
83%
Iraq B
75%
Ungheria B
75%
Antigua e Barbuda S
67%
Cuba L
58%
Repubblica Democratica del Congo K
42%
Dominica R
42%
Samoa A
8%
Repubblica del Congo B
8%
Nessun quiz corrispondente trovato
Distribuzione punteggi
Percentuale di utenti per punteggio
Percentile per numero di risposta
I tuoi punteggi nel tempo
Non hai fatto questo quiz